The spirit of leadership (Record no. 3464)
[ view plain ]
| 000 -LEADER | |
|---|---|
| fixed length control field | nam a22 a 4500 |
| 005 - DATE AND TIME OF LATEST TRANSACTION | |
| control field | 20170523091411.0 |
| 008 - FIXED-LENGTH DATA ELEMENTS--GENERAL INFORMATION | |
| fixed length control field | 170523b1935 enk||||| |||| 00| 0 eng d |
| 020 ## - INTERNATIONAL STANDARD BOOK NUMBER | |
| International Standard Book Number | 1576750566 |
| 040 ## - CATALOGING SOURCE | |
| Original cataloging agency | AKMAL |
| 082 ## - DEWEY DECIMAL CLASSIFICATION NUMBER | |
| Classification number | 658.409 OWE |
| 090 ## - LOCALLY ASSIGNED LC-TYPE CALL NUMBER (OCLC); LOCAL CALL NUMBER (RLIN) | |
| Classification number (OCLC) (R) ; Classification number, CALL (RLIN) (NR) | 658.409 |
| Local cutter number (OCLC) ; Book number/undivided call number, CALL (RLIN) | OWE |
| 100 ## - MAIN ENTRY--PERSONAL NAME | |
| Personal name | Owen, Harrison |
| Dates associated with a name | 1935- |
| 9 (RLIN) | 6960 |
| 245 ## - TITLE STATEMENT | |
| Title | The spirit of leadership |
| Remainder of title | liberating the leader in each of us / |
| Statement of responsibility, etc. | Harrison Owen. |
| 250 ## - EDITION STATEMENT | |
| Edition statement | [Rev. ed.] |
| 260 ## - PUBLICATION, DISTRIBUTION, ETC. | |
| Place of publication, distribution, etc. | San Francisco, Calif. |
| -- | [Great Britain] |
| Name of publisher, distributor, etc. | Berrett-Koehler |
| Date of publication, distribution, etc. | c1999. |
| 300 ## - PHYSICAL DESCRIPTION | |
| Extent | vii, 156 p. |
| Dimensions | 23cm |
| 500 ## - GENERAL NOTE | |
| General note | Originally published as: Leadership is. Potomac, Abbott, 1990. |
| 504 ## - BIBLIOGRAPHY, ETC. NOTE | |
| Bibliography, etc. note | Includes bibliographical references and index. |
| 650 ## - SUBJECT ADDED ENTRY--TOPICAL TERM | |
| Topical term or geographic name entry element | Leadership. |
| 9 (RLIN) | 120 |
| 700 ## - ADDED ENTRY--PERSONAL NAME | |
| Personal name | Owen, Harrison, |d 1935-. |
| 9 (RLIN) | 6961 |
| 942 ## - ADDED ENTRY ELEMENTS (KOHA) | |
| Source of classification or shelving scheme | |
| Koha item type | Book |
| Withdrawn status | Lost status | Source of classification or shelving scheme | Damaged status | Not for loan | Collection code | Home library | Current library | Shelving location | Date acquired | Inventory number | Total Checkouts | Full call number | Barcode | Date last seen | Price effective from | Koha item type |
|---|---|---|---|---|---|---|---|---|---|---|---|---|---|---|---|---|
| NON-FICTION | AKMAL Melaka | AKMAL Melaka | PINJAMAN | 23.05.2017 | 601945 | 658.409 OWE | 201704454 | 23.05.2017 | 23.05.2017 | Book |
